New modern / (Record no. 8084)
[ view plain ]
| 000 -LEADER | |
|---|---|
| fixed length control field | 00928nac a22002411u 4500 |
| 010 ## - LIBRARY OF CONGRESS CONTROL NUMBER | |
| LC control number | 98115352 |
| 020 ## - INTERNATIONAL STANDARD BOOK NUMBER | |
| International Standard Book Number | 0866364374 |
| 035 ## - SYSTEM CONTROL NUMBER | |
| System control number | (OCoLC)35588760 |
| 082 04 - DEWEY DECIMAL CLASSIFICATION NUMBER | |
| Classification number | 728.0973 |
| Item number | BRE |
| 090 ## - LOCALLY ASSIGNED LC-TYPE CALL NUMBER (OCLC); LOCAL CALL NUMBER (OCLC) | |
| -- | 8084 |
| -- | 8084 |
| 100 ## - MAIN ENTRY--PERSONAL NAME | |
| Personal name | Breeze, Carla. |
| 245 10 - TITLE STATEMENT | |
| Title | New modern / |
| Statement of responsibility, etc | Carla Breeze. |
| 246 1# - VARYING FORM OF TITLE | |
| Title proper/short title | Creative living spaces |
| 260 ## - PUBLICATION, DISTRIBUTION, ETC. (IMPRINT) | |
| Place of publication, distribution, etc | Glen Cove, NY : |
| Name of publisher, distributor, etc | Showcase Edition, PBC International ; |
| Place of publication, distribution, etc | New York, NY : |
| Name of publisher, distributor, etc | Distributor in the U.S., Rizzoli, |
| Date of publication, distribution, etc | c1995. |
| 300 ## - PHYSICAL DESCRIPTION | |
| Extent | 155, [5] p. : |
| Other physical details | col. ill. ; |
| Dimensions | 31 cm. |
| 500 ## - GENERAL NOTE | |
| General note | distributer: Al-Ahram |
| 504 ## - BIBLIOGRAPHY, ETC. NOTE | |
| Bibliography, etc | Includes bibliography:p.188-189 and index. |
| 511 ## - PARTICIPANT OR PERFORMER NOTE | |
| Participant or performer note | catalogued by: wessam |
| 650 #0 - SUBJECT ADDED ENTRY--TOPICAL TERM | |
| Topical term or geographic name as entry element | Architecture, Domestic |
| Geographic subdivision | United States. |
| 650 #0 - SUBJECT ADDED ENTRY--TOPICAL TERM | |
| Topical term or geographic name as entry element | Architecture |
| Geographic subdivision | United States |
| Chronological subdivision | 20th century. |
| 942 ## - ADDED ENTRY ELEMENTS (KOHA) | |
| Item type | Book - Borrowing |
| Call number prefix | 728.0973BRE |
| Withdrawn status | Item status | Damaged status | Not for loan | Home library | Current library | Shelving location | Date acquired | Source of acquisition | Total Checkouts | Full call number | Barcode | Date last seen | Date last borrowed | Koha item type |
|---|---|---|---|---|---|---|---|---|---|---|---|---|---|---|
| Central Library | Central Library | Second Floor | 21/02/2008 | Purchase | 1 | 728.0973BRE | 000009864 | 15/07/2025 | 19/08/2008 | Book - Borrowing |